| 000 | 02277cam a22004454a 4500 | ||
|---|---|---|---|
| 650 | 7 |
_aNiños _xPsicología _2 _92655 |
|
| 999 |
_c63947 _d63947 |
||
| 001 | 16978092 | ||
| 003 | CO-MdFUSB | ||
| 005 | 20191023063903.0 | ||
| 008 | 110927t2012 nyu g b 001 0 eng | ||
| 010 | _a 2011039581 | ||
| 020 | _a9781439196540 | ||
| 020 | _a1439196540 | ||
| 040 |
_aDLC _bspa _cCO-MdFUSB _dCO-MdFUSB _erda |
||
| 041 | _aeng | ||
| 042 | _apcc | ||
| 082 | 0 | 0 |
_224 _aG 200.19 _bB274b |
| 100 | 1 |
_aBarrett, Justin L., _d1971- _eautor |
|
| 245 | 1 | 0 |
_aBorn believers _b: the science of children's religious belief _c/ Justin L. Barrett |
| 250 | _a1st Free Press hardcover ed. | ||
| 264 | 1 |
_aNew York : _bFree Press, _c℗2012 |
|
| 264 | 4 | _c©2012 | |
| 300 |
_ax, 302 páginas ; _c24 cm. _b: |
||
| 336 |
_2rdacontent _a1 _ba1 |
||
| 337 |
_2rdamedia _a2 _b5 |
||
| 338 |
_2rdacarrier _a2 _b5 |
||
| 501 | _aIncluye índice (páginas: 293- 302) | ||
| 505 | 0 | _aSecret agents everywhere -- Children in search of a purpose -- Identifying the Maker -- The mind of God -- The nature of God -- Natural religion -- It's OK to be childish -- So stupid they'll believe anything? -- Is atheism unnatural? -- Should you introduce children to God? -- Encouraging children's religious development. | |
| 505 | 0 | _aLos agentes secretos en todas partes -- Los niños en busca de un propósito -- Identificar al Hacedor -- La mente de Dios -- La naturaleza de Dios -- La religión natural -- Está bien ser infantil -- ¿Tan estúpido que creean algo? -- ¿El ateísmo es antinatural? -- ¿Deberías introducir a los niños a Dios? -- Fomentar el desarrollo religioso de los niños. | |
| 653 | _aPsicología de la religión | ||
| 856 | 4 | 2 | _uhttp://catdir.loc.gov/catdir/enhancements/fy1117/2011039581-d.html |
| 856 | 4 | 2 | _uhttp://catdir.loc.gov/catdir/enhancements/fy1201/2011039581-b.html |
| 856 | 4 | 1 | _uhttp://www.loc.gov/catdir/enhancements/fy1214/2011039581-s.html |
| 906 |
_a7 _bcbc _corignew _d1 _eecip _f20 _gy-gencatlg |
||
| 942 | _cBK | ||